Geography - True or False #1 - Statistics

General Stats
  • This quiz has been taken 41 times
  • The average score is 12 of 15
Answer Stats
Question Answer % Correct
Ireland shares a border with only one country: The United Kingdom. True
100%
The Spanish-Portuguese border is completely made out of the Pyrenean mountains. False
91%
Iceland is part of Scandinavia. False
91%
The Saint Basil‘s Cathedral is found in Moscow. True
91%
The majority (≈95%) of Turkey‘s area is in Asia. True
91%
The Baltics have a combined population of about 6 million. True
91%
The Amazon river is the largest river by volume. True
91%
Three of the 10 world’s largest islands are part of Canada. True
91%
The island of Hispaniola is split up into two countries: Cuba and Haiti. False
82%
Guangzhou, PR China, is the largest metropolitan area by population. True
73%
The Caribbean is made out of 16 independent countries. False
64%
The Popocatépetl Volcano is by far the highest mountain in Colombia. False
64%
The world‘s biggest cave is found in the Yellowstone National Park. False
64%
The Chimborazo Mountain is the furthest point from the earth‘s center. True
64%
Slovakia is part of both the Balkans and also of the Visegrad union. False
45%
No matching quizzes found
Score Distribution
Percent of People with Each Score
Percentile by Number Answered
Your Score History
You have not taken this quiz